000 00239nam a2200097Ia 4500
008 220204s9999 xx 000 0 und d
082 _a03:809.481.2
_bVIS
245 0 _aVisvavijnanakosham. 10 V
260 _aKottayam
_bSPCS
_c1971
942 _cBK
999 _c21952
_d21952